El abuso constante /

সংরক্ষণ করুন:
গ্রন্থ-পঞ্জীর বিবরন
প্রধান লেখক: Soley, Rosa María
বিন্যাস: পাঠ‍্য
বিষয়গুলি:
ট্যাগগুলো: ট্যাগ যুক্ত করুন
কোনো ট্যাগ নেই, প্রথমজন হিসাবে ট্যাগ করুন!

MARC

LEADER 00000 a a2200000 04500
001 1412
003
040
100 |a Soley, Rosa María  
245 |a El abuso constante /  |c Rosa María Soley 
650 |a MUJERES  
650 |a GENERO  
650 |a VIOLENCIA CONTRA LAS MUJERES  
650 |a VALORES  
650 |a COSTA RICA  
773 |g número 72; páginas 10-11  
999 |c 27965  |d 27965